Tous les joueurs de l'Inter de Milan depuis 2010 - Statistiques

Statistiques générales
  • Ce quiz a été pris 31 fois
    6 depuis la dernière actualisation
  • Le résultat moyen est 51 sur 182
Statistiques - réponses
Poste(s) Nationalité Saison(s) Réponse % Correct
Milieu/défenseur Pays Bas 2021- Denzel Dumfries
100%
Milieu Italie 2020- Nicolò Barella
100%
Gardien Suisse 2023- Yann Sommer
100%
Attaquant Chili 2020-20222023- Alexis Sánchez
83%
Défenseur France 2023- Benjamin Pavard
83%
Défenseur Italie 2014- Federico Dimarco
83%
Attaquant Argentine 2018- Lautaro Martínez
83%
Attaquant France 2023- Marcus Thuram
83%
Attaquant Autriche 2009-20102023- Marko Arnautović
83%
Attaquant Autriche 2024- Marko Arnautovic
83%
Attaquant Iran 2024- Mehdi Taremi
83%
Défenseur Allemagne 2023- Yann Aurel Bisseck
83%
Défenseur Italie 2017- Alessandro Bastoni
67%
Gardien Cameroun 2022-2023 André Onana
67%
Milieu Chili 2020-2022 Arturo Vidal
67%
Défenseur Italie 2022- Francesco Acerbi
67%
Milieu Croatie 2015-2022 Ivan Perišić
67%
Gardien Brésil 2005-2012 Júlio César
67%
Défenseur Italie 2020- Matteo Darmian
67%
Attaquant Belgique 2019-20212022-2023 Romelu Lukaku
67%
Gardien Slovénie 2012-2023 Samir Handanovič
67%
Attaquant Cameroun 2009-2011 Samuel Eto'o
67%
Défenseur Pays Bas 2018- Stefan de Vrij
67%
Attaquant Canada 2024- Tajon Buchanan
67%
Défenseur Japon 2011-2018 Yūto Nagatomo
67%
Gardien Roumanie 2016- Andrei Radu
50%
Défenseur Brésil 2024- Carlos Augusto
50%
Milieu Brésil 2023- Carlos Augusto
50%
Défenseur Roumanie 2007-2014 Cristian Chivu
50%
Milieu Italie 2023- Davide Frattesi
50%
Milieu Italie 2024- Davide Frattesi
50%
Milieu Serbie 2004-2013 Dejan Stanković
50%
Attaquant Argentine 2009-2014 Diego Milito
50%
Attaquant Bosnie 2021-2023 Edin Džeko
50%
Milieu Argentine 2004-2014 Esteban Cambiasso
50%
Attaquant Macédoine 2001-20042010-2012 Goran Pandev
50%
Milieu Turquie 2021- Hakan Çalhanoğlu
50%
Milieu Arménie 2022- Henrikh Mkhitaryan
50%
Défenseur Colombie 1999-2012 Iván Córdoba
50%
Défenseur Argentine 1995-2014 Javier Zanetti
50%
Attaquant Argentine 2022- Joaquín Correa
50%
Milieu Albanie 2023- Kristjan Asllani
50%
Défenseur Brésil 2009-2012 Lúcio
50%
Défenseur Brésil 2006-2012 Maicon
50%
Milieu Croatie 2015-2023 Marcelo Brozović
50%
Défenseur Italie 2001-2011 Marco Materazzi
50%
Milieu Croatie 2013-2015 Mateo Kovačić
50%
Défenseur Slovaquie 2017-2023 Milan Škriniar
50%
Défenseur Brésil 2015-2019 Miranda
50%
Milieu Pologne 2024- Piotr Zieliński
50%
Attaquant Argentine 2012-2017 Rodrigo Palacio
50%
Milieu Italie 2020-2024 Stefano Sensi
50%
Milieu Nigéria 2019-2020 Victor Moses
50%
Défenseur Argentine 2005-2014 Walter Samuel
50%
Attaquant Suisse 2014-2015 Xherdan Shaqiri
50%
Défenseur Maroc 2020-2021 Achraf Hakimi
33%
Défenseur Uruguay 2012-2015 Álvaro Pereira
33%
Attaquant Italie 2017-2020 Andrea Pinamonti
33%
Milieu Italie 2011-2012 Andrea Poli
33%
Défenseur Angleterre 2020-2021 Ashley Young
33%
Milieu Danemark 2020-2021 Christian Eriksen
33%
Défenseur Italie 2014-2023 Danilo D'Ambrosio
33%
Défenseur Italie 2008-20112015-2018 Davide Santon
33%
Attaquant Uruguay 2011-2012 Diego Forlán
33%
Attaquant Italie 2016-2018 Éder
33%
Gardien Italie 2023-2024 Emil Audero
33%
Attaquant Brésil 2016-2020 Gabriel Barbosa
33%
Milieu Centrafrique 2015-2017 Geoffrey Kondogbia
33%
Défenseur Colombie 2015-2019 Jeison Murillo
33%
Milieu Portugal 2016-2021 João Mário
33%
Défenseur/milieu Colombie 2024-2024 Juan Cuadrado
33%
Défenseur Brésil 2012-2017 Juan Jesus
33%
Milieu France 2019-2024 Lucien Agoumé
33%
Milieu Uruguay 2017-2022 Matías Vecino
33%
Attaquant Argentine 2013-2020 Mauro Icardi
33%
Milieu Argentine 2011-2015 Ricardo Gabriel Álvarez
33%
Milieu Italie 2017-2023 Roberto Gagliardini
33%
Milieu Algérie 2013-2017 Saphir Taïder
33%
Attaquant Monténégro 2015-2017 Stevan Jovetić
33%
Milieu Ghana 2008-2012 Sulley Muntari
33%
Attaquant Italie 2012-2013 Tommaso Rocchi
33%
Milieu Pays Bas 2009-2013 Wesley Sneijder
33%
Milieu France 2014-2015 Yann M'Vila
33%
Défenseur Italie 2010-2022 Andrea Ranocchia
17%
Milieu Italie 2016-2021 Antonio Candreva
17%
Attaquant Italie 2012-2013 Antonio Cassano
17%
Milieu Côte d'Ivoire 2015-2018 Assane Gnoukouri
17%
Milieu Espagne 2017-2020 Borja Valero
17%
Défenseur Turquie 2016-2017 Caner Erkin
17%
Défenseur Portugal 2018-2019 Cédric Soares
17%
Défenseur Brésil 2017-2023 Dalbert
17%
Gardien Italie 2017-2021 Daniele Padelli
17%
Défenseur Italie 2011-2012 Davide Faraoni
17%
Milieu Pays-Bas 2023- Davy Klaassen
17%
Défenseur Uruguay 2019-2020 Diego Godín
17%
Milieu Argentine 2016-2017 Éver Banega
17%
Attaquant Equateur 2022-2023 Felipe Caicedo
17%
Milieu Colombie 2012-2016 Fredy Guarín
17%
Milieu Chili 2014-2017 Gary Medel
17%
Milieu Maroc 2010-2011 Houssine Kharja
17%
Défenseur Argentine 2013-2015 Hugo Campagnaro
17%
Attaquant Algérie 2013-2014 Ishak Belfodil
17%
Défenseur Portugal 2017-2018 João Cancelo
17%
Milieu Nigeria 2010-2015 Joel Obi
17%
Défenseur Brésil 2011-2015 Jonathan
17%
Gardien Argentine 2013-2017 Juan Pablo Carrizo
17%
Attaquant Sénégal 2016- Keita Baldé
17%
Défenseur Ghana 2018-2020 Kwadwo Asamoah
17%
Gardien Italie 2010-2014 Luca Castellazzi
17%
Défenseur Italie 2005-20072013-2017 Marco Andreolli
17%
Défenseur Espagne 2015-2016 Martín Montoya
17%
Milieu/attaquant Italie 2018-2020 Matteo Politano
17%
Attaquant Italie 2018-2020 Matteo Politano
17%
Défenseur Italie 2021- Mattia Zanotti
17%
Attaquant Argentine 2011-2012 Mauro Zárate
17%
Défenseur Serbie 2014-2016 Nemanja Vidić
17%
Milieu Brésil 2017-2018 Rafinha
17%
Milieu Slovénie 2009-2010 2014-2015 Rene Krhin
17%
Attaquant Albanie 2015-2019 Rey Manaj
17%
Défenseur Allemagne 2022-2023 Robin Gosens
17%
Défenseur Portugal 2013-2014 Rolando
17%
Attaquant Argentine 2013-2015 Rubén Botta
17%
Attaquant Italie 2019- Sebastiano Esposito
17%
Milieu Italie 2009-2012 Thiago Motta
17%
Défenseur Australie 2016-2017 Trent Sainsbury
17%
Milieu Argentine 2022- Valentín Carboni
17%
Attaquant Argentine 2022- Valentín Carboni
17%
Milieu Uruguay 2012-2013 Walter Gargano
17%
Milieu Serbie 2013-2015 Zdravko Kuzmanović
17%
Défenseur Belgique 2017-2019 Zinho Vanheusden
17%
Milieu Serbie 2015-2017 Adem Ljajić
0%
Défenseur Serbie 2020-2022 Aleksandar Kolarov
0%
Milieu Brésil 2008-2010 Alessandro Mancini
0%
Gardien Italie 2002-20072021- Alex Cordaz
0%
Défenseur Brésil 2015-2016 Alex Telles
0%
Milieu Ghana 2012-2015 Alfred Duncan
0%
Milieu Italie 2011-2012 Angelo Palombo
0%
Milieu/attaquant France 2016-2021 Axel Bakayoko
0%
Défenseur Argentine 2016-2019 Cristian Ansaldi
0%
Milieu/défenseur Italie 2019/2020 Cristiano Biraghi
0%
Attaquant Roumanie 2009-2013 Denis Alibec
0%
Défenseur Brésil 2014-2016 Dodô
0%
Milieu Nigéria 2023- Ebenezer Akinsanmiro
0%
Attaquant Italie 2019- Eddie Salcedo
0%
Défenseur Italie 2013-2015 Ezequiel Schelotto
0%
Défenseur Italie 2015-2017 Fabio Della Giovanna
0%
Attaquant Italie 2014-2015 Federico Bonazzoli
0%
Défenseur Italie 2010-2012 Felice Natalino
0%
Défenseur Brésil 2014-2015 Felipe
0%
Milieu Brésil 2015-2016 Felipe Melo
0%
Attaquant Italie 2011-2018 Francesco Forte
0%
Milieu Belgique 2013-2014 Gaby Mudingayi
0%
Milieu Guinée 2014-2018 Gaston Camara
0%
Attaquant Roumanie 2013-2018 George Pușcaș
0%
Attaquant Italie 2011-2012 Giampaolo Pazzini
0%
Milieu Brésil 2014-2015 Hernanes
0%
Défenseur Sénégal 2012-2015 Ibrahima Mbaye
0%
Défenseur Ghana 2014-2017 Isaac Donkor
0%
Milieu/attaquant France 2007-20112015-2018 Jonathan Biabiany
0%
Défenseur Argentine 2017-2018 Lisandro López
0%
Défenseur Italie 2020-2023 Lorenzo Pirola
0%
Milieu Italie 2012-2013 Luca Garritano
0%
Attaquant Pays Bas 2011-2012 Luc Castaignos
0%
Attaquant Allemagne 2014-2015 Lukas Podolski
0%
Défenseur Autriche 2013-2015 Lukas Spendlhofer
0%
Milieu Italie 2012-2014 Marco Benassi
0%
Attaquant Croatie 2010-2013 Marko Livaja
0%
Attaquant Uruguay 2021- Martín Satriano
0%
Défenseur Argentine 2012-2015 Matías Silvestre
0%
Milieu Kenya 2010-2014 McDonald Mariga
0%
Milieu Nigéria 2010-2011 Nwankwo Obiora
0%
Attaquant Italie 2014-2015 Pablo Osvaldo
0%
Milieu Brésil 2008-2013 Philippe Coutinho
0%
Milieu Belgique 2018-2021 Radja Nainggolan
0%
Milieu/défenseur Italie 2022-2023 Raoul Bellanova
0%
Attaquant Italie 2011-2020 Samuele Longo
0%
Défenseur Belgique 2016-2017 Senna Miangue
0%
Défenseur Croatie 2018-2019 Šime Vrsaljko
0%
Défenseur Italie 2012-2016 Simone Pasa
0%
Milieu Autriche 2019-2023 Valentino Lazaro
0%
Défenseur Brésil 2013-2014 Wallace
0%
Milieu/attaquant France 2017-2020 Yann Karamoh
0%
Aucun quiz correspondant
Distribution des résultats
% des personnes avec chaque résultat
Percentile par nombre de réponses
Votre historique - résultats
Vous n’avez pas pris ce quiz depuis la dernière actualisation